000
00253nam a2200121Ia 4500
100
_a
#N/A
650
_a
Computer/ IT
942
_c
BK
654
_a
MICROSOFT
245
_a
MICROSOFT Access 2000 / 2002 /XP Advanced
260
_b
#N/A
546
_a
ENGLISH
999
_c
22404
_d
22404